Organisace finančního, provozního, skladního, mzdového, investičního účetnictví průmyslových podniků podle směrné účtové osnovy ČSR

Enregistré dans:
Détails bibliographiques
Format: Livre
Langue:tchèque
Publié: Kolín Dvorko 1947
Tags: Ajouter un tag
Pas de tags, Soyez le premier à ajouter un tag!

MARC

LEADER 00000nam a2200000 4500
001 0308321
005 20260317093654.5
041 0 |a cze 
044 |a CZ 
245 1 0 |a Organisace finančního, provozního, skladního, mzdového, investičního účetnictví průmyslových podniků podle směrné účtové osnovy ČSR  |c Jiří Dvořáček 
264 1 |a Kolín  |b Dvorko  |c 1947